000 00420 a2200145 4500
001 168509
020 _a
040 _cMagnum
100 _aDalben, Angela Imaculada Loureiro de Freitas
240 1 0 _aAvaliacao da implementacao do projeto politico-pedagogico escola plura
_lpor
245 1 0 _aAvaliacao da implementacao do projeto politico-pedagogico escola plura
362 0 _a1899
697 _aENSINO
942 _cBK
999 _c168509
_d168509